Úspešné slovenské startupy v IT oblasti - expost hodnotenie bakalárska práca

Saved in:
Bibliographic Details
Main Author: Plaskúr, Dávid
Corporate Author: Fakulta podnikového manažmentu EU. Katedra informačného manažmentu
Other Authors: Hanák, Róbert, 1979-
Format: Book
Language:Slovak
Published: Bratislava 2023
Tags: Add Tag
No Tags, Be the first to tag this record!

MARC

LEADER 00000nbm a2200000 4500
001 0293565
005 20240530143743.8
041 0 |a slo 
044 |a SK 
245 1 0 |a Úspešné slovenské startupy v IT oblasti - expost hodnotenie  |b bakalárska práca  |c Dávid Plaskúr ; školiteľ: Róbert Hanák 
264 1 |a Bratislava  |c 2023 
300 |a 58 s. 
100 1 |a Plaskúr, Dávid 
700 1 |a Hanák, Róbert, 1979- 
710 2 |a Fakulta podnikového manažmentu EU. Katedra informačného manažmentu